LEADER 00830nam a2200205 i 4500 001 000000227511 003 CaOOAMICUS 005 20140227000000.0 008 140227s1976 it u000 u ger u 013 $a206413 020 $a3-579-04485-2 040 $aSeMil$bita 245 14$aDie Propheten des ausgehenden 6. und des 5.Jahrhunderts. 300 $a180 p. 700 1 $aFohrer, Georg.$0(OLS)http://semarc/name/194 773 0 $aFohrer, Georg$tPropheten des Alten Testaments.$dGütersloh : Gütersloher Verlagshaus Gerd Mohn, 1974-1977.$gBand5$w()29497 850 $aSeMil 852 $aSeMil$W1$xVenegono$y1$m2Y I 195$j177857$B177857$CSeMilBibl$Z2$F188733 $81 996 $6020$a3-579-04485-2$9(OLS)http://semarc/number/229166 996 $6245$aDie Propheten des ausgehenden 6. und des 5.Jahrhunderts$9(OLS)http://semarc/title/325627 LEADER 01337nam a2200253 i 4500 001 000000029497 003 CaOOAMICUS 005 20180830125448.0 008 180830s1974 gw u000 u und u 040 $aSeMil$bita 100 1 $aFohrer, Georg.$0(OLS)http://semarc/name/194 245 14$aDie Propheten des Alten Testaments /$cGeorg Fohrer. 260 $aGütersloh :$bGütersloher Verlagshaus Gerd Mohn,$c1974-1977. 300 $a7 v. ;$c23 cm. 650 4$aBibbia. Nuovo Testamento. Libri profetici - Commentari, studi, critica, interpretazioni.$0(OLS)http://semarc/subject/2530 774 0 $tPropheten des 8. Jahrhunderts.$z3-579-04481-8$gBand1$w()227507 774 0 $tPropheten des 7. Jahrhunderts.$z3-579-04482-6$gBand2$w()227508 774 0 $tPropheten des 6. Jahrhunderts.$z3-579-04483-4$gBand3$w()227509 774 0 $tPropheten um die Mitte des 6. Jahrhunderts.$z3-579-04484-2$gBand4$w()227510 774 0 $tPropheten des ausgehenden 6. und des 5.Jahrhunderts.$z3-579-04485-2$gBand5$w()227511 774 0 $tPropheten seit dem 4. Jahrhundert.$z3-579-04486-9$gBand6$w()227512 774 0 $tPropheten-erzählungen.$z3-579-04487-7$gBand7$w()227513 996 $6245$aDie Propheten des Alten Testaments$9(OLS)http://semarc/title/40076 996 $6260$aGütersloh :$bGütersloher Verlagshaus Gerd Mohn$9(OLS)http://semarc/publisher/30042